[Event "Helsinki EtVaS CC"]
[Site "Helsinki"]
[Date "2020.09.05"]
[Round "3"]
[White "Lindholm, Jere"]
[Black "Blinkov, Pavel Vladimir"]
[Result "1/2-1/2"]
[WhiteElo "2179"]
[BlackElo "2259"]
[PlyCount "83"]
[EventDate "2020.09.04"]
[EventType "tourn"]
[EventRounds "7"]
[EventCountry "FIN"]
[EventCategory "1"]
[SourceTitle "CBM 198 Extra"]
[Source "ChessBase"]
[SourceDate "2020.11.30"]
[SourceVersion "1"]
[SourceVersionDate "2020.11.30"]
[SourceQuality "1"]

1. e4 e6 2. d4 d5 3. Nc3 Bb4 4. e5 c5 5. a3 Bxc3+ 6. bxc3 Qc7 7. Qg4 f6 8. Bb5+ Kf8 9. Qf4 c4 10. exf6 Qxf4 11. fxg7+ Kxg7 12. Bxf4 a6 13. Be5+ Nf6 14. g4 h6 15. f4 axb5 16. g5 Nbd7 17. gxf6+ Nxf6 18. Nf3 Bd7 19. Rg1+ Kf7 20. Bd6 Rag8 21. Ne5+ Ke8 22. Ke2 Ne4 23. Bb4 h5 24. Kf3 Nd2+ 25. Ke3 Ne4 26. Raf1 Nf6 27. Rg5 Ne4 28. Rgg1 Nf6 29. Kf3 Ng4 30. Nxg4 hxg4+ 31. Rxg4 Rxg4 32. Kxg4 Rxh2 33. Kg3 Rh7 34. Re1 Kf7 35. Bd6 Kf6 36. Re3 Be8 37. Be5+ Kf5 38. Kg2 Bh5 39. Rh3 Rh6 40. Kf2 Rh7 41. Bd6 Bg6 42. Rxh7 1/2-1/2

[Event "Helsinki MatSK op"]
[Site "Helsinki"]
[Date "2020.02.22"]
[Round "5"]
[White "Lindholm, Jere"]
[Black "Suominen, Antti"]
[Result "1-0"]
[WhiteElo "2158"]
[BlackElo "1979"]
[PlyCount "75"]
[EventDate "2020.02.21"]
[EventType "swiss"]
[EventRounds "7"]
[EventCountry "FIN"]
[SourceTitle "CBM 195 Extra"]
[Source "ChessBase"]
[SourceDate "2020.05.31"]
[SourceVersion "1"]
[SourceVersionDate "2020.05.31"]
[SourceQuality "1"]

1. e4 c5 2. Nf3 e6 3. d4 cxd4 4. Nxd4 a6 5. Bd3 Nf6 6. 0-0 Qc7 7. Qe2 d6 8. Kh1 Nbd7 9. c3 Be7 10. a4 b6 11. f4 Bb7 12. Nd2 0-0 13. Bc2 Rfe8 14. N2f3 Nf8 15. Re1 Rad8 16. Bd3 Qc8 17. Qf2 Qa8 18. e5 Ne4 19. Qe2 Nc5 20. Bc2 dxe5 21. Nxe5 Bh4 22. Rf1 Ng6 23. Nc4 Bf6 24. Nxb6 Qa7 25. a5 Nh4 26. Rg1 Nd7 27. Nxd7 Rxd7 28. Be3 Qa8 29. Ba4 Rxd4 30. Bxd4 Bxd4 31. cxd4 Rd8 32. Qf2 Rxd4 33. Qxh4 Rd2 34. Qg3 h5 35. h4 Be4 36. Bd1 g6 37. Bf3 Rd3 38. Ra3 1-0

[Event "Helsinki MatSK op"]
[Site "Helsinki"]
[Date "2020.02.21"]
[Round "2"]
[White "Arstila, Petteri"]
[Black "Lindholm, Jere"]
[Result "0-1"]
[WhiteElo "2061"]
[BlackElo "2158"]
[PlyCount "57"]
[EventDate "2020.02.21"]
[EventType "swiss"]
[EventRounds "7"]
[EventCountry "FIN"]
[SourceTitle "CBM 195 Extra"]
[Source "ChessBase"]
[SourceDate "2020.05.31"]
[SourceVersion "1"]
[SourceVersionDate "2020.05.31"]
[SourceQuality "1"]

1. e4 c5 2. Nc3 Nc6 3. g3 g6 4. Bg2 Bg7 5. f4 e6 6. Nf3 Nge7 7. 0-0 0-0 8. d3 d5 9. e5 Nf5 10. Ne2 f6 11. exf6 Bxf6 12. c3 b5 13. Re1 Qb6 14. g4 Nh4 15. Nxh4 Bxh4 16. Ng3 Kh8 17. g5 Ne7 18. Re5 Bd7 19. Qg4 Bxg3 20. hxg3 Rac8 21. Qd1 a5 22. Qe1 Qd6 23. Bd2 b4 24. Bh3 Nc6 25. Re2 Rce8 26. Kh2 e5 27. Bxd7 Qxd7 28. fxe5 Nxe5 29. Rxe5 0-1

[Event "Helsinki MatSK op"]
[Site "Helsinki"]
[Date "2020.02.21"]
[Round "3"]
[White "Lindholm, Jere"]
[Black "Keinanen, Toivo"]
[Result "0-1"]
[WhiteElo "2158"]
[BlackElo "2462"]
[PlyCount "40"]
[EventDate "2020.02.21"]
[EventType "swiss"]
[EventRounds "7"]
[EventCountry "FIN"]
[SourceTitle "CBM 195 Extra"]
[Source "ChessBase"]
[SourceDate "2020.05.31"]
[SourceVersion "1"]
[SourceVersionDate "2020.05.31"]
[SourceQuality "1"]

1. e4 d6 2. d4 Nf6 3. Nc3 e6 4. Nf3 Be7 5. Bd3 Nc6 6. e5 dxe5 7. dxe5 Nd5 8. Bd2 Nxc3 9. Bxc3 Nb4 10. Be4 Qxd1+ 11. Rxd1 Nxa2 12. Ba5 Bb4+ 13. Bxb4 Nxb4 14. c3 Na6 15. Ng5 Ke7 16. b4 f6 17. Ra1 c6 18. Nf3 Nc7 19. c4 Na6 20. 0-0 f5 0-1

[Event "Helsinki EtVaS Autumn-B"]
[Site "Helsinki"]
[Date "2019.09.07"]
[Round "3"]
[White "Lindholm, Jere"]
[Black "Tumanov, Dmitri"]
[Result "1/2-1/2"]
[WhiteElo "2155"]
[BlackElo "2154"]
[PlyCount "48"]
[EventDate "2019.09.06"]
[EventType "tourn"]
[EventRounds "5"]
[EventCountry "FIN"]
[SourceTitle "EXT 2021"]
[Source "ChessBase"]
[SourceDate "2020.10.23"]
[SourceVersion "1"]
[SourceVersionDate "2020.10.23"]
[SourceQuality "1"]

1. e4 e5 2. Nf3 Nf6 3. Nxe5 d6 4. Nf3 Nxe4 5. c4 Be7 6. d4 d5 7. cxd5 Qxd5 8. Bd3 Bb4+ 9. Nbd2 Nxd2 10. Bxd2 Bxd2+ 11. Qxd2 Nc6 12. 0-0 Be6 13. Qf4 0-0-0 14. Rfd1 Nxd4 15. Ng5 h6 16. Ne4 g5 17. Qf6 Ne2+ 18. Bxe2 Qxe4 19. Bf3 Qb4 20. a3 Qb6 21. b4 g4 22. Be4 h5 23. Bf5 Bxf5 24. Rxd8+ Rxd8 1/2-1/2

[Event "FIN-ch"]
[Site "Helsinki"]
[Date "2019.06.17"]
[Round "8"]
[White "Norri, Joose"]
[Black "Lindholm, Jere"]
[Result "0-1"]
[WhiteElo "2271"]
[BlackElo "2145"]
[PlyCount "121"]
[EventDate "2019.06.10"]
[EventType "swiss"]
[EventRounds "9"]
[EventCountry "FIN"]
[SourceTitle "CBM 191 Extra"]
[Source "ChessBase"]
[SourceDate "2019.09.30"]
[SourceVersion "1"]
[SourceVersionDate "2019.09.30"]
[SourceQuality "1"]

1. d4 Nf6 2. c4 g6 3. Nc3 d5 4. Nf3 Bg7 5. e3 0-0 6. cxd5 Nxd5 7. Bc4 Nxc3 8. bxc3 c5 9. 0-0 b6 10. a4 Nc6 11. Ba3 Qc7 12. Be2 Rd8 13. Qc2 Na5 14. dxc5 bxc5 15. Rab1 Bd7 16. Rfd1 Rab8 17. c4 Nb7 18. Bb2 Bxb2 19. Rxb2 Nd6 20. Rdb1 Rxb2 21. Qxb2 Bxa4 22. Qa3 Bd7 23. Ra1 Be6 24. Ne5 f6 25. Nd3 Bxc4 26. Nxc5 Bxe2 27. Ne6 Qd7 28. Nxd8 Qxd8 29. Qb2 Bc4 30. Rxa7 Nb5 31. Ra1 Qd3 32. Rc1 Nd6 33. h3 Kf7 34. Qb4 Bd5 35. Rc7 Qe4 36. Qxe4 Bxe4 37. f3 Bd5 38. Kf2 Ke6 39. Ra7 f5 40. g4 Kf6 41. Ra6 h5 42. Ra5 e6 43. gxh5 gxh5 44. h4 Nc4 45. Ra7 Ne5 46. f4 Ng4+ 47. Ke2 Bc4+ 48. Kf3 e5 49. fxe5+ Kxe5 50. Rh7 Bd5+ 51. Kg3 Nxe3 52. Rxh5 Ke4 53. Rh8 f4+ 54. Kf2 Ng4+ 55. Ke1 f3 56. Rf8 Ke3 57. h5 f2+ 58. Kf1 Bf3 59. Re8+ Kf4 60. h6 Kg3 61. Rf8 0-1

[Event "FIN-ch"]
[Site "Helsinki"]
[Date "2019.06.15"]
[Round "6"]
[White "Lindholm, Jere"]
[Black "Jarvenpaa, Jari"]
[Result "1-0"]
[WhiteElo "2145"]
[BlackElo "2204"]
[PlyCount "107"]
[EventDate "2019.06.10"]
[EventType "swiss"]
[EventRounds "9"]
[EventCountry "FIN"]
[SourceTitle "CBM 191 Extra"]
[Source "ChessBase"]
[SourceDate "2019.09.30"]
[SourceVersion "1"]
[SourceVersionDate "2019.09.30"]
[SourceQuality "1"]

1. e4 c5 2. Nf3 Nc6 3. d4 cxd4 4. Nxd4 e5 5. Nb5 d6 6. N1c3 a6 7. Na3 Be6 8. Nc4 b5 9. Ne3 Nf6 10. g3 h5 11. h4 g6 12. Bg2 Bh6 13. Ncd5 Nd4 14. Nxf6+ Qxf6 15. 0-0 Qd8 16. c3 Nc6 17. a4 b4 18. Nd5 Bxc1 19. Rxc1 bxc3 20. Rxc3 Bxd5 21. Qxd5 Nd4 22. Rc4 0-0 23. f4 Qb6 24. Kh2 Qxb2 25. fxe5 dxe5 26. Rc7 Qb3 27. Qxe5 Rad8 28. Qf6 Qe6 29. Qg5 Qd6 30. Rb7 Rde8 31. Qd5 Qxd5 32. exd5 Nf5 33. Rf2 Ne3 34. Rd2 Rd8 35. d6 Nc4 36. Rd4 Nxd6 37. Ra7 Nf5 38. Rxd8 Rxd8 39. Rxa6 Ne3 40. Ra8 Rxa8 41. Bxa8 Nc4 42. Bd5 Nb6 43. Bb3 Kf8 44. a5 Nc8 45. Kg2 Ke7 46. Kf3 f6 47. Kf4 Kd6 48. Bf7 Ne7 49. Bxg6 Nxg6+ 50. Kf5 Nf8 51. Kxf6 Kc6 52. Kg5 Kb5 53. Kxh5 Kxa5 54. g4 1-0

[Event "FIN-ch"]
[Site "Helsinki"]
[Date "2019.06.13"]
[Round "4"]
[White "Lindholm, Jere"]
[Black "Tiitta, Sauli"]
[Result "0-1"]
[WhiteElo "2145"]
[BlackElo "2214"]
[PlyCount "120"]
[EventDate "2019.06.10"]
[EventType "swiss"]
[EventRounds "9"]
[EventCountry "FIN"]
[SourceTitle "CBM 191 Extra"]
[Source "ChessBase"]
[SourceDate "2019.09.30"]
[SourceVersion "1"]
[SourceVersionDate "2019.09.30"]
[SourceQuality "1"]

1. e4 c6 2. d4 d5 3. e5 Bf5 4. Nf3 e6 5. Be2 Nd7 6. 0-0 h6 7. Nbd2 g5 8. Nb3 Qc7 9. Ne1 0-0-0 10. f4 f6 11. Nf3 Be4 12. Kh1 Ne7 13. exf6 Nxf6 14. Ne5 Nf5 15. Bd3 Qg7 16. Bxe4 Nxe4 17. c3 h5 18. fxg5 Bd6 19. Bf4 h4 20. Kg1 Rhg8 21. Qe2 Bxe5 22. Bxe5 Qxg5 23. Bf4 Qg6 24. Nc5 h3 25. Nxe4 Qxg2+ 26. Qxg2 Rxg2+ 27. Kh1 dxe4 28. Rae1 Rxb2 29. Rxe4 Kd7 30. Rfe1 Re8 31. R4e2 Rxe2 32. Rxe2 Rg8 33. Rf2 Rg4 34. Rf3 Nh4 35. Rf2 Ng2 36. Bg3 Ke7 37. Rf3 Re4 38. Bf2 Rf4 39. Rxf4 Nxf4 40. Bh4+ Kf7 41. Kg1 Kg6 42. Kf2 Kf5 43. Kf3 b5 44. Be1 a5 45. Bd2 Nd5 46. Kg3 Ke4 47. Kxh3 Kd3 48. Be1 Kc2 49. Kg4 a4 50. h4 a3 51. Kg5 Ne3 52. h5 Nf5 53. c4 bxc4 54. Kf6 Kb2 55. Kxe6 Ng7+ 56. Kd6 Nxh5 57. Kxc6 c3 58. d5 c2 59. Bd2 c1Q+ 60. Bxc1+ Kxc1 0-1

[Event "FIN-ch"]
[Site "Helsinki"]
[Date "2019.06.10"]
[Round "1"]
[White "Nyysti, Sampsa"]
[Black "Lindholm, Jere"]
[Result "1-0"]
[WhiteElo "2320"]
[BlackElo "2145"]
[PlyCount "65"]
[EventDate "2019.06.10"]
[EventType "swiss"]
[EventRounds "9"]
[EventCountry "FIN"]
[SourceTitle "CBM 191 Extra"]
[Source "ChessBase"]
[SourceDate "2019.09.30"]
[SourceVersion "1"]
[SourceVersionDate "2019.09.30"]
[SourceQuality "1"]

1. e4 c5 2. Nf3 d6 3. d4 cxd4 4. Nxd4 Nf6 5. Nc3 a6 6. Be3 e5 7. Nb3 Be6 8. f3 Nbd7 9. g4 b5 10. g5 b4 11. Nd5 Nxd5 12. exd5 Bf5 13. Bd3 g6 14. Bxf5 gxf5 15. Qd3 f4 16. Bf2 Qxg5 17. Na5 Qg2 18. Rf1 Be7 19. 0-0-0 Qxh2 20. Qc4 Qh3 21. Nc6 a5 22. Qb5 f6 23. Rg1 Rf8 24. Qb7 Kf7 25. Rg4 h5 26. Qxd7 hxg4 27. Qxe7+ Kg8 28. Qe6+ Kh8 29. fxg4 Rae8 30. Qxd6 Qf3 31. Qd7 e4 32. Nd4 Qg2 33. Rg1 1-0

[Event "Helsinki Aaltio Memorial"]
[Site "Helsinki"]
[Date "2019.05.25"]
[Round "3"]
[White "Lindholm, Jere"]
[Black "Ertbjerg, Per"]
[Result "1/2-1/2"]
[WhiteElo "2128"]
[BlackElo "1968"]
[PlyCount "101"]
[EventDate "2019.05.24"]
[EventType "swiss"]
[EventRounds "5"]
[EventCountry "FIN"]
[SourceTitle "EXT 2021"]
[Source "ChessBase"]
[SourceDate "2020.10.23"]
[SourceVersion "1"]
[SourceVersionDate "2020.10.23"]
[SourceQuality "1"]

1. e4 e6 2. d4 d5 3. Nc3 Bb4 4. e5 c5 5. a3 Bxc3+ 6. bxc3 Ne7 7. Qg4 0-0 8. Bd3 c4 9. Be2 f5 10. exf6 Rxf6 11. Bg5 Qa5 12. Kd2 Rf7 13. Bxe7 Rxe7 14. Qg5 Nc6 15. Nf3 Re8 16. h4 e5 17. Nxe5 Nxe5 18. dxe5 Be6 19. Bg4 d4 20. Rh3 dxc3+ 21. Ke1 Bxg4 22. Qxg4 Rxe5+ 23. Kf1 b5 24. Rg3 Qc7 25. Rd1 Rae8 26. Kg1 Qf7 27. Rd7 Re1+ 28. Kh2 R1e7 29. Rf3 Qg6 30. Qxg6 hxg6 31. Rxe7 Rxe7 32. Kg3 Re1 33. Rxc3 Ra1 34. Kf4 Kh7 35. Ke3 Kh6 36. Kd4 Kh5 37. Kc5 a6 38. Kb6 Ra2 39. f3 g5 40. hxg5 Kxg5 41. g3 Kf5 42. Kxa6 b4 43. Rxc4 Rxa3+ 44. Kb5 b3 45. Rf4+ Ke5 46. cxb3 Rxb3+ 47. Kc4 Ra3 48. Re4+ Kf5 49. g4+ Kg5 50. Re5+ Kh4 51. Rf5 1/2-1/2

[Event "Helsinki-chA"]
[Site "Helsinki"]
[Date "2019.01.03"]
[Round "5"]
[White "Lindholm, Jere"]
[Black "Kekki, Jorma J"]
[Result "1-0"]
[WhiteElo "2196"]
[BlackElo "2000"]
[PlyCount "93"]
[EventDate "2018.12.29"]
[EventType "tourn"]
[EventRounds "7"]
[EventCountry "FIN"]
[SourceTitle "EXT 2021"]
[Source "ChessBase"]
[SourceDate "2020.10.23"]
[SourceVersion "1"]
[SourceVersionDate "2020.10.23"]
[SourceQuality "1"]

1. e4 e6 2. d4 d5 3. Nc3 dxe4 4. Nxe4 Nd7 5. Nf3 Ngf6 6. Bg5 Be7 7. Bxf6 Nxf6 8. Nxf6+ Bxf6 9. Bd3 Bd7 10. c3 Bc6 11. Qe2 Bxf3 12. Qxf3 c6 13. 0-0 0-0 14. g3 g6 15. Rae1 Bg7 16. a3 Qf6 17. Qe2 Rad8 18. Kg2 Rd7 19. Rh1 Rfd8 20. h4 c5 21. Bb5 Rd6 22. dxc5 Rd2 23. Qe3 Rxb2 24. c4 Rdd2 25. Rhf1 Qf5 26. Rd1 Bd4 27. Rxd2 Bxe3 28. Rxb2 Bxc5 29. Rd1 Qe4+ 30. f3 Qe3 31. Rbd2 Kg7 32. Be8 h5 33. Rd7 Kh6 34. Bxf7 Qf2+ 35. Kh3 Qxf3 36. Bxe6 Qe4 37. Bg8 Qf5+ 38. Kg2 Qf2+ 39. Kh3 g5 40. hxg5+ Kxg5 41. Rf7 Qe3 42. Rd5+ Kg6 43. Rff5 Bd6 44. Bf7+ Kg7 45. Rxd6 Qe4 46. Rg6+ Kf8 47. Rg8+ 1-0

[Event "London Classic op 10th"]
[Site "London"]
[Date "2018.12.15"]
[Round "7"]
[White "Hughes, Anthony"]
[Black "Lindholm, Jere"]
[Result "0-1"]
[WhiteElo "1910"]
[BlackElo "2130"]
[PlyCount "68"]
[EventDate "2018.12.09"]
[EventType "swiss"]
[EventRounds "9"]
[EventCountry "ENG"]
[SourceTitle "CBM 187 Extra"]
[Source "ChessBase"]
[SourceDate "2018.11.04"]
[SourceVersion "1"]
[SourceVersionDate "2018.11.04"]
[SourceQuality "1"]

1. d4 Nf6 2. Nf3 g6 3. g3 Bg7 4. Bg2 0-0 5. 0-0 d5 6. c4 dxc4 7. Na3 Nc6 8. Nxc4 Be6 9. b3 Bd5 10. e3 a5 11. a4 Nb4 12. Ba3 c6 13. Qe2 Ne4 14. Rfc1 Re8 15. Qf1 Rc8 16. Nfd2 Nxd2 17. Nxd2 Bxg2 18. Qxg2 e5 19. Nf3 exd4 20. exd4 Qd5 21. Bxb4 axb4 22. Rc4 b5 23. axb5 cxb5 24. Rxc8 Rxc8 25. Qh3 Rc3 26. Ne5 Qxd4 27. Nd7 h6 28. Re1 Rxb3 29. Nb8 Rc3 30. Qf1 Rc2 31. Rd1 Rxf2 32. Rxd4 Rxf1+ 33. Kxf1 Bxd4 34. Nc6 b3 0-1

[Event "London Classic op 10th"]
[Site "London"]
[Date "2018.12.14"]
[Round "6"]
[White "Lindholm, Jere"]
[Black "Eggleston, David"]
[Result "0-1"]
[WhiteElo "2130"]
[BlackElo "2397"]
[PlyCount "82"]
[EventDate "2018.12.09"]
[EventType "swiss"]
[EventRounds "9"]
[EventCountry "ENG"]
[SourceTitle "CBM 187 Extra"]
[Source "ChessBase"]
[SourceDate "2018.11.04"]
[SourceVersion "1"]
[SourceVersionDate "2018.11.04"]
[SourceQuality "1"]

1. e4 c5 2. Nf3 d6 3. d4 Nf6 4. Nc3 cxd4 5. Nxd4 a6 6. Bg5 e6 7. f4 Be7 8. Qf3 Qc7 9. 0-0-0 Nbd7 10. g4 b5 11. Bxf6 Nxf6 12. g5 Nd7 13. f5 0-0 14. Rg1 b4 15. Nce2 e5 16. f6 exd4 17. fxe7 Re8 18. Nxd4 Ne5 19. Qf4 Be6 20. Nf5 d5 21. Qg3 dxe4 22. Nh6+ Kh8 23. Bh3 Rxe7 24. Bxe6 Rxe6 25. Ng4 Rc8 26. Rg2 Rc6 27. Rdd2 Nf3 28. Rde2 Nd4 29. Rd2 Qxg3 30. hxg3 Nf3 31. Rd5 Rc5 32. Ne3 Nxg5 33. Rgd2 g6 34. g4 Kg7 35. a3 bxa3 36. b4 Rc3 37. Nd1 Rb3 38. c3 Nf3 39. Rc2 Ne1 40. Re2 Nd3+ 41. Kd2 Nf4 0-1

[Event "FIN-chT 1819"]
[Site "Finland"]
[Date "2018.11.10"]
[Round "3.8"]
[White "Nieminen, Samuli"]
[Black "Lindholm, Jere"]
[Result "1/2-1/2"]
[WhiteElo "2187"]
[BlackElo "2063"]
[PlyCount "43"]
[EventDate "2018.09.15"]
[EventType "team-tourn"]
[EventRounds "11"]
[EventCountry "FIN"]
[SourceTitle "CBM 187 Extra"]
[Source "ChessBase"]
[SourceDate "2018.11.04"]
[SourceVersion "1"]
[SourceVersionDate "2018.11.04"]
[SourceQuality "1"]
[WhiteTeam "Tampere Tammer"]
[BlackTeam "Vantaa EtVaS"]
[WhiteTeamCountry "FIN"]
[BlackTeamCountry "FIN"]

1. d4 Nf6 2. c4 g6 3. Nc3 d5 4. Nf3 Bg7 5. Bg5 Ne4 6. Bf4 Nxc3 7. bxc3 dxc4 8. Qa4+ c6 9. Qxc4 Bf5 10. e3 0-0 11. Be2 Nd7 12. 0-0 Qa5 13. Qb3 b6 14. Rfd1 e5 15. dxe5 Nxe5 16. Nxe5 Bxe5 17. Bxe5 Qxe5 18. Rd4 Be6 19. Bc4 c5 20. Rd2 Bxc4 21. Qxc4 Rfd8 22. Rad1 1/2-1/2

[Event "Uppsala Young Champions"]
[Site "Uppsala"]
[Date "2018.10.30"]
[Round "7"]
[White "Apol, Luitjen Akselsson"]
[Black "Lindholm, Jere"]
[Result "0-1"]
[WhiteElo "1735"]
[BlackElo "2075"]
[PlyCount "80"]
[EventDate "2018.10.26"]
[EventType "swiss"]
[EventRounds "9"]
[EventCountry "SWE"]
[SourceTitle "CBM 187 Extra"]
[Source "ChessBase"]
[SourceDate "2018.11.04"]
[SourceVersion "1"]
[SourceVersionDate "2018.11.04"]
[SourceQuality "1"]

1. e4 c5 2. Nf3 Nc6 3. d4 cxd4 4. Nxd4 e5 5. Nb5 d6 6. N1c3 a6 7. Na3 Be7 8. Nd5 Nf6 9. Nxe7 Qxe7 10. f3 Be6 11. c4 0-0 12. Be3 Rab8 13. Be2 b5 14. cxb5 axb5 15. Bxb5 Na7 16. Bc4 Bxc4 17. Nxc4 d5 18. exd5 Qb4+ 19. Nd2 Nb5 20. Qb3 Qh4+ 21. Bf2 Qg5 22. g3 Nd4 23. Qd3 Rxb2 24. Bxd4 exd4 25. Qxd4 Re8+ 26. Kd1 Rb5 27. Re1 Rd8 28. Re5 Qh6 29. Qh4 Qg6 30. Ne4 Rbxd5+ 31. Rxd5 Rxd5+ 32. Ke2 Re5 33. Kf1 h5 34. Nxf6+ gxf6 35. Qc4 Qf5 36. Kf2 Rc5 37. Qe4 Rc2+ 38. Kf1 Qb5+ 39. Ke1 Qa5+ 40. Kf1 Qd2 0-1

[Event "Uppsala Young Champions"]
[Site "Uppsala"]
[Date "2018.10.27"]
[Round "3"]
[White "Mitra, Akash"]
[Black "Lindholm, Jere"]
[Result "0-1"]
[WhiteElo "1848"]
[BlackElo "2075"]
[PlyCount "88"]
[EventDate "2018.10.26"]
[EventType "swiss"]
[EventRounds "9"]
[EventCountry "SWE"]
[SourceTitle "CBM 187 Extra"]
[Source "ChessBase"]
[SourceDate "2018.11.04"]
[SourceVersion "1"]
[SourceVersionDate "2018.11.04"]
[SourceQuality "1"]

1. e4 e6 2. d4 d5 3. Nc3 Bb4 4. e5 c5 5. a3 Ba5 6. Nf3 Nc6 7. Bb5 cxd4 8. Nxd4 Bd7 9. Bxc6 bxc6 10. Qg4 Kf8 11. b4 Bb6 12. 0-0 Ne7 13. Be3 Ng6 14. f4 Kg8 15. Qg3 Ne7 16. Qf2 c5 17. bxc5 Bxc5 18. Nce2 h5 19. Kh1 Bb6 20. g4 hxg4 21. Rg1 Nf5 22. Rxg4 Nxe3 23. Qxe3 g6 24. Qg3 Rh6 25. Rg5 Kh7 26. Rg1 Qe7 27. Qd3 Rh8 28. R1g2 Rg8 29. Ng3 Qc5 30. c3 Qxa3 31. Nh5 Bd8 32. Nf6+ Bxf6 33. exf6 Qc1+ 34. Rg1 Qxf4 35. Nf3 Bb5 36. Qd1 Qxf6 37. Ne5 Qf4 38. Nf3 Kg7 39. R1g4 Qe3 40. Ne5 Rgh8 41. Qc2 Qe1+ 42. Rg1 Rxh2+ 43. Qxh2 Rxh2+ 44. Kxh2 Qh4+ 0-1

[Event "Helsinki LauttSSK op"]
[Site "Helsinki"]
[Date "2018.10.20"]
[Round "1"]
[White "Lindholm, Jere"]
[Black "Syvalahti, Heikki"]
[Result "1-0"]
[WhiteElo "2075"]
[BlackElo "2042"]
[PlyCount "49"]
[EventDate "2018.10.20"]
[EventType "swiss"]
[EventRounds "4"]
[EventCountry "FIN"]
[SourceTitle "EXT 2021"]
[Source "ChessBase"]
[SourceDate "2020.10.23"]
[SourceVersion "1"]
[SourceVersionDate "2020.10.23"]
[SourceQuality "1"]

1. e4 d5 2. exd5 Qxd5 3. Nc3 Qd8 4. d4 c6 5. Bc4 Bf5 6. g4 Bc8 7. Nf3 Nf6 8. Ne5 e6 9. g5 Nd5 10. Qf3 Qe7 11. Ne4 Qc7 12. Bd2 b5 13. Bd3 a5 14. g6 fxg6 15. Ng5 Nf6 16. Nxh7 Rxh7 17. Bxg6+ Kd8 18. Bxh7 Nxh7 19. Bg5+ Nf6 20. Bxf6+ gxf6 21. Qxf6+ Qe7 22. Qf4 Bg7 23. Rg1 Bxe5 24. Rg8+ Kd7 25. Qxe5 1-0

[Event "Helsinki HSK op"]
[Site "Helsinki"]
[Date "2018.08.31"]
[Round "1"]
[White "Lindholm, Jere"]
[Black "Jarvenpaa, Jari"]
[Result "0-1"]
[WhiteElo "2141"]
[BlackElo "2353"]
[PlyCount "66"]
[EventDate "2018.08.31"]
[EventType "swiss"]
[EventRounds "5"]
[EventCountry "FIN"]
[SourceTitle "EXT 2021"]
[Source "ChessBase"]
[SourceDate "2020.10.23"]
[SourceVersion "1"]
[SourceVersionDate "2020.10.23"]
[SourceQuality "1"]

1. e4 c6 2. d4 d5 3. e5 c5 4. dxc5 e6 5. a3 Ne7 6. Nf3 Ng6 7. b4 a5 8. Bb2 axb4 9. axb4 Rxa1 10. Bxa1 b6 11. c4 bxc5 12. cxd5 Qxd5 13. Qxd5 exd5 14. Nc3 Be6 15. Bb5+ Nd7 16. bxc5 Bxc5 17. 0-0 Ke7 18. Rc1 Rb8 19. Bd3 Nf4 20. Bf1 Ba3 21. Rd1 Bb2 22. Nb5 Bxa1 23. Rxa1 Rc8 24. Nbd4 Ng6 25. Re1 h6 26. g3 Rc3 27. Kg2 Kf8 28. Bb5 Nc5 29. Ra1 Kg8 30. Ra8+ Kh7 31. Ra7 Nd3 32. Bxd3 Rxd3 33. h4 Nf8 0-1

[Event "FIN-ch U20"]
[Site "Valkeakoski"]
[Date "2018.06.10"]
[Round "7"]
[White "Valkama, Eero"]
[Black "Lindholm, Jere"]
[Result "1-0"]
[WhiteElo "2252"]
[BlackElo "2099"]
[PlyCount "109"]
[EventDate "2018.06.07"]
[EventType "tourn"]
[EventRounds "7"]
[EventCountry "FIN"]
[SourceTitle "EXT 2022"]
[Source "ChessBase"]
[SourceDate "2021.10.06"]
[SourceVersion "1"]
[SourceVersionDate "2021.10.06"]
[SourceQuality "1"]

1. e4 c5 2. Nf3 d6 3. Bb5+ Nd7 4. d4 cxd4 5. Qxd4 a6 6. Bxd7+ Bxd7 7. c4 e5 8. Qd3 b5 9. Na3 Qb6 10. 0-0 Qb7 11. Bg5 h6 12. Bh4 Bc6 13. Rfe1 g5 14. Bg3 Rd8 15. Nd2 Be7 16. f3 Nf6 17. Nf1 Bd7 18. Ne3 bxc4 19. Naxc4 Be6 20. Nf5 Bxf5 21. exf5 Nh5 22. Rad1 f6 23. Qd5 Qxd5 24. Rxd5 Ng7 25. Ne3 Kf7 26. Bf2 Rd7 27. g4 Ne8 28. Red1 Nc7 29. R5d3 Rb8 30. b3 Ke8 31. Nc4 d5 32. Nb6 d4 33. Nxd7 Kxd7 34. Rc1 Nd5 35. Rc4 Nb6 36. Rc2 Nd5 37. Rc4 Nb6 38. Rc1 Nd5 39. Rdd1 Bb4 40. Rc4 Bc3 41. Be1 Ne3 42. Bxc3 Nxd1 43. Bxd4 Rb5 44. Bc5 Nb2 45. Rc3 a5 46. Ba3 Rd5 47. Rc2 Nd3 48. Rd2 Kc6 49. Be7 Nf4 50. Rc2+ Kd7 51. Bxf6 Rd1+ 52. Kf2 Rh1 53. Rd2+ Kc6 54. Bxe5 Rxh2+ 55. Ke3 1-0